| 000 | 00657nam a22002177a 4500 | ||
|---|---|---|---|
| 999 |
_c196059 _d196059 |
||
| 005 | 20230523131551.0 | ||
| 010 | _aENG-136964 | ||
| 020 |
_a9788178440910 _c695.00 |
||
| 035 | _aEN-120496 | ||
| 037 | _bDBAD/PUB | ||
| 082 | _a351.54 | ||
| 245 |
_aEthics In Governance / _cEdited By T.K Mishra ;S.P Aggarwal And Bipin Kumar Tiwary |
||
| 250 | _aFirst | ||
| 260 |
_bK.K Publications _c2011 _aNew Delhi |
||
| 270 |
_a4806/24, Bharat Ram Road , Darya Ganj _bNew Delhi _e110002 |
||
| 300 |
_a288p.; _c23cm(hbk) |
||
| 700 | _aMishra ,T.K | ||
| 700 | _aAggarwal, S.P | ||
| 700 | _aTiwary, Bipin Kumar | ||
| 942 |
_2ddc _cEN _h351.54 _mETH |
||